Literal Translation of Country Names: The Americas - Statistics

General Stats
  • This quiz has been taken 51 times
  • The average score is 21 of 32
Answer Stats
Hint Answer % Correct
Land of the Surinens Suriname
100%
Saint Dominic's island Dominican Republic
98%
Land of Colombus Colombia
95%
Bolivar's land Bolivia
93%
Equator Ecuador
93%
Land of Saint Lucy Saint Lucia
93%
Rich coast Costa Rica
91%
Island of the Holy Trinity and tobacco Trinidad and Tobago
91%
United American states United States
91%
Land of the Savior El Salvador
89%
Isle of Saint Vincent Saint Vincent and the Grenadines
89%
Little Venice Venezuela
89%
Land beside the silvery river Argentina
82%
Saint Christopher's land of snows Saint Kitts and Nevis
73%
The village Canada
70%
Day of the Lord Dominica
61%
Red dyewood Brazil
59%
Where land ends Chile
57%
Place of pomegranates Grenada
55%
People born along the river Paraguay
52%
Land of many trees Guatemala
48%
River of shellfish Uruguay
48%
In the navel of the moon Mexico
45%
Deep water Honduras
43%
Place of abundant fish Panama
43%
Land of the river Peru
43%
Land of mountains Haiti
39%
Land of the shallow sea Bahamas
36%
Land of many waters Guyana
36%
Muddy-watered land Belize
32%
Land of wood and water Jamaica
32%
Center place Cuba
27%
No matching quizzes found
Score Distribution
Percent of People with Each Score
Percentile by Number Answered
Your Score History
You have not taken this quiz